Introducción al pensamiento político /

Guardado en:
Autor Principal: Cerroni, Umberto
Formato: Desconocido
Idioma:Spanish
Publicado: México : Siglo veintiuno, 1967
Series:Colección Mínima 4
Etiquetas: Agregar Etiqueta
Sin Etiquetas, Sea el primero en etiquetar este registro!
LEADER 00419nac a22001335a 4500
001 DER.der002178
008 180615s1967####mx#||||||||||||||#||spa||
005 20210428093514.0
245 1 0 |a Introducción al pensamiento político /  |c Umberto Cerroni 
260 |a México :  |b Siglo veintiuno,  |c 1967 
300 |a 87 p. 
440 0 |a Colección Mínima  |v 4 
100 1 |a Cerroni, Umberto 
859 |a DERECHO  |b BIB. DERECHO  |h 342.07  |i CER  |k 1.14  |p 004305  |t 1